| 000 | 01182nam0a2200313 i 4500 | ||
|---|---|---|---|
| 001 | RU\NLR\bibl\1910127 | ||
| 005 | 20260405220941.0 | ||
| 010 |
_a9785413007303 _92000 |
||
| 021 |
_aRU _b2012-37318 _92767 |
||
| 035 | _a(NLR Aleph) 001899672 | ||
| 090 |
_a3031423 _c3031423 |
||
| 100 | _a20120601d2012 u y0rusy50 ca | ||
| 101 | 0 | _arus | |
| 102 | _aRU | ||
| 105 | _ay ||||||||| | ||
| 200 | 1 |
_aВедические практики усмирения ума _eметоды достижения счастья и здоровья _eсборник лекций, посвященных Прапатти-йоге _fСвами Вишнудевананда Гири (Свами Вишну Дэв) |
|
| 205 | _a2-е изд. | ||
| 210 |
_aМосква _cАмрита-Русь _d2012 |
||
| 215 |
_a121, [1] с. _d20 |
||
| 606 | 1 |
_aЙога _91123715 _3RU\NLR\auth\66125824 |
|
| 686 | _aЭ331-4-340.2 | ||
| 686 | _aЮ3(5Ид)6-684 | ||
| 700 | 0 |
_4070 _7ca _8rus _aВишну Дэв Свами _f1967- _982263 _3RU\NLR\AUTH\7799337 |
|
| 801 | 0 |
_aRU _bNLR _c20120601 _gRCR |
|
| 801 | 1 |
_aRU _bNLR _c20120601 |
|
| 942 | _cBOOK | ||
| 980 | _aNBR | ||